000 00462nam a2200181Ia 4500
005 20250423100945.0
008 250422s9999 xx 000 0 und d
020 _a9781786308498
050 _aTK 5105.5833 .B36/
100 _aBannour, Fetia
245 0 _aSoftware-Defined Networking
260 _aNew Jersey
260 _bWiley
260 _c2022
300 _a140 p
650 _aSoftware-defined networking (Computer network technology)
942 _cBK
999 _c34856
_d34856